000 00665nam a2200265Ia 4500
005 20260121170647.0
008 008 260114s9999 xx 000 0 eng d
020 _a9789811084621
037 _aEBOOK
040 _aCRL
040 _beng
040 _cCRL
041 _2eng
041 _aeng
084 _qCRL
100 _aFrédéric Landy
_91066612
245 0 _aFrom Urban National Parks to Natured Cities in the Global South
260 _bSpringer
260 _bSpringer
260 _c2018
856 _uhttps://link.springer.com/openurl?genre=book&isbn=978-981-10-8462-1
942 _cEBOOK
999 _c1632342
_d1632342